Effect of organic fertilizers on celery cabbage ( Brassica chinensis L) at saang district, kandal province; ឥទ្ធិពលជីធម្មជាតិលើដំណាំស្ពៃចង្កឹះនៅស្រុកស្អាង ខេត្តកណ្តាល (Record no. 11576)

000 -LEADER
fixed length control field 00603nam a22001337a 4500
040 ## - CATALOGING SOURCE
Transcribing agency RUA
082 ## - DEWEY DECIMAL CLASSIFICATION NUMBER
Classification number AGR KOE 2015 B556 Or.1
100 ## - MAIN ENTRY--AUTHOR NAME
Personal name KOENG NARITHY; កឹង ណារិទ្ធី
245 ## - TITLE STATEMENT
Title Effect of organic fertilizers on celery cabbage ( Brassica chinensis L) at saang district, kandal province; ឥទ្ធិពលជីធម្មជាតិលើដំណាំស្ពៃចង្កឹះនៅស្រុកស្អាង ខេត្តកណ្តាល
260 ## - PUBLICATION, DISTRIBUTION, ETC. (IMPRINT)
Place of publication Phnom Penh
Name of publisher RUA
Year of publication 2015
300 ## - PHYSICAL DESCRIPTION
Number of Pages xi; 38p;
Other physical details ill;
Dimensions 29cm;
856 ## - ELECTRONIC LOCATION AND ACCESS
Uniform Resource Identifier KOENG NARITHY
942 ## - ADDED ENTRY ELEMENTS (KOHA)
Koha item type AGR
952 ## - LOCATION AND ITEM INFORMATION (KOHA)
Withdrawn status [LOCAL, KOHA] 0
952 ## - LOCATION AND ITEM INFORMATION (KOHA)
Withdrawn status [LOCAL, KOHA] 0
952 ## - LOCATION AND ITEM INFORMATION (KOHA)
Withdrawn status [LOCAL, KOHA] 0
952 ## - LOCATION AND ITEM INFORMATION (KOHA)
Withdrawn status [LOCAL, KOHA] 0
952 ## - LOCATION AND ITEM INFORMATION (KOHA)
Withdrawn status [LOCAL, KOHA] 0
952 ## - LOCATION AND ITEM INFORMATION (KOHA)
Withdrawn status [LOCAL, KOHA] 0
952 ## - LOCATION AND ITEM INFORMATION (KOHA)
Withdrawn status [LOCAL, KOHA] 0
952 ## - LOCATION AND ITEM INFORMATION (KOHA)
Withdrawn status [LOCAL, KOHA] 0
Holdings
Permanent Location Date acquired Koha item type Lost status Shelving location Barcode Current Location Full call number
Library Block B2017-08-03AGR B556A12215Library Block BAGR KOE 2015 B556 Or.1
Library Block B2017-08-03AGR B556A12713Library Block BAGR KOE 2015 B556 Or.2
Library Block B2017-08-03AGR B556A12813Library Block BAGR KOE 2015 B556 Or.3
Library Block B2017-08-03AGR B556A12672Library Block BAGR KOE 2015 B556 Or.4
Library Block B2017-08-03AGR B556A11756Library Block BAGR KOE 2015 B556 Or.5
Library Block B2017-08-03AGR B556A11770Library Block BAGR KOE 2015 B556 Or.6
Library Block B2017-08-03AGR B556A11701Library Block BAGR KOE 2015 B556 Or.7
Library Block B2017-08-03AGR B556A12642Library Block BAGR KOE 2015 B556 Or.8
មជ្ឈមណ្ឌលឯការនៃសាកលវិទ្យាល័យភូមិន្ទកសិកម្មចំការដូង

Powered by Koha